Krízové riadenie podniku

Kríza podniku - narušenie rovnováhy v niektorom z jeho subsystémov, ktoré môže ohroziť dosahovanie cieľov podniku alebo dokonca môže viesť k ohrozeniu jeho ďalšej existencie. Krízové riadenie. Systémy identifikácie a monitorovania rizík - interný audit, vnútropodniková kontrola a controlling. Krízo...

Descripción completa

Guardado en:
Detalles Bibliográficos
Autor principal: Tkáč, Michal, ml., 1984-
Otros Autores: Remiáš, Peter
Formato: Capítulo de libro
Lenguaje:eslovaco
Materias:
Etiquetas: Agregar Etiqueta
Sin Etiquetas, Sea el primero en etiquetar este registro!

MARC

LEADER 00000nla a2200000 4500
001 0225344
005 20240502073708.7
041 0 |a slo 
044 |a SK 
245 1 0 |a Krízové riadenie podniku  |c Michal Tkáč ml., Peter Remiáš 
520 |a Kríza podniku - narušenie rovnováhy v niektorom z jeho subsystémov, ktoré môže ohroziť dosahovanie cieľov podniku alebo dokonca môže viesť k ohrozeniu jeho ďalšej existencie. Krízové riadenie. Systémy identifikácie a monitorovania rizík - interný audit, vnútropodniková kontrola a controlling. Krízové scenáre. Diagnostika krízy - účtovníctvo. Vývoj krízy v podniku, jej jednotlivé etapy, riešenie krízy. 
610 2 0 |a kríza podniku 
610 2 0 |a riadenie 
610 2 0 |a audit interný 
610 2 0 |a kontroling podnikový 
610 2 0 |a manažment krízový 
610 2 0 |a účtovníctvo 
610 2 0 |a rentabilita podniku 
100 1 |a Tkáč, Michal, ml., 1984- 
700 1 |a Remiáš, Peter